| 000 | 00518nam a22001937a 4500 | ||
|---|---|---|---|
| 005 | 20260216152028.0 | ||
| 008 | 260216b |||||||| |||| 00| 0 eng d | ||
| 020 |
_a9780983783336 _cRs. 500.00 |
||
| 040 | _aMAIN | ||
| 082 |
_a181.49 _bL149K(3) |
||
| 100 | _aLakshmanjoo, Swami | ||
| 245 | _aKashmir Shaivism: The secret supreme | ||
| 260 |
_aSrinagar _bKashmir Shaiva Institute _c2019 |
||
| 300 | _axx, 152 | ||
| 650 | _aPhilosophy | ||
| 650 | _aIndian Philosophy | ||
| 700 | _aHughes, John, ed. | ||
| 942 | _cBK | ||
| 999 |
_c397022 _d397022 |
||